| 000 | 00549nam a22002177a 4500 | ||
|---|---|---|---|
| 005 | 20170124110132.0 | ||
| 010 | _a540495 | ||
| 020 | _c00.00 | ||
| 035 | _a540495 | ||
| 037 | _bCen Lib/Ret | ||
| 040 |
_aDPL _bEN |
||
| 082 |
_aN _bGOR |
||
| 100 |
_aGordon, Noah _932345 |
||
| 245 |
_aThe death committee / _cby Noah Gorden |
||
| 260 |
_aNew York _bMcGraw-Hill Book _c1969 |
||
| 270 | _bNew York | ||
| 300 |
_a368p. _c20cm(Hb) |
||
| 650 |
_aSuspense fiction _928545 |
||
| 650 |
_aHospitals--Administration _914986 |
||
| 942 |
_2ddc _cEN _hN _mGOR |
||
| 999 |
_c131640 _d131640 |
||